| 000 | 00441nam a22001697a 4500 | ||
|---|---|---|---|
| 005 | 20250411095304.0 | ||
| 008 | 250411b |||||||| |||| 00| 0 eng d | ||
| 020 | _a9780198730934 | ||
| 050 | _aBR305.2 CAM | ||
| 100 | _aCameron Euan | ||
| 245 |
_aThe European Reformation _cEuan Cameron |
||
| 260 |
_aOxford _bClarendon Press _c1991 |
||
| 300 |
_axiv. 564p. _c21 cm |
||
| 500 | _aIncludes Index | ||
| 650 | _2Theology | ||
| 942 |
_2lcc _cBK _n0 |
||
| 999 |
_c5393 _d5393 |
||